Theology for pilgrims / (Record no. 129393)
[ view plain ]
| 000 -LEADER | |
|---|---|
| fixed length control field | 02180cam a22002894a 4500 |
| 001 - CONTROL NUMBER | |
| control field | 15170922 |
| 003 - CONTROL NUMBER IDENTIFIER | |
| control field | ARRUPE |
| 005 - DATE AND TIME OF LATEST TRANSACTION | |
| control field | 20190423123148.0 |
| 008 - FIXED-LENGTH DATA ELEMENTS--GENERAL INFORMATION | |
| fixed length control field | 080206s2008 inu b 001 0 eng |
| 010 ## - LIBRARY OF CONGRESS CONTROL NUMBER | |
| LC control number | 2008005183 |
| 020 ## - INTERNATIONAL STANDARD BOOK NUMBER | |
| International Standard Book Number | 9780268034092 (pbk.) |
| 020 ## - INTERNATIONAL STANDARD BOOK NUMBER | |
| International Standard Book Number | 0268034095 (pbk.) |
| 040 ## - CATALOGING SOURCE | |
| Original cataloging agency | DLC |
| Transcribing agency | DLC |
| Modifying agency | DLC |
| 050 00 - LIBRARY OF CONGRESS CALL NUMBER | |
| Classification number | BT77 |
| Item number | .L29 2008 |
| 082 00 - DEWEY DECIMAL CLASSIFICATION NUMBER | |
| Classification number | 230 |
| Edition number | 22 |
| 300 ## - PHYSICAL DESCRIPTION | |
| Dimensions | 22 cm. |
| 100 1# - MAIN ENTRY--PERSONAL NAME | |
| Personal name | Lash, Nicholas. |
| 9 (RLIN) | 45804 |
| 245 10 - TITLE STATEMENT | |
| Title | Theology for pilgrims / |
| Statement of responsibility, etc | Nicholas Lash. |
| 260 ## - PUBLICATION, DISTRIBUTION, ETC. (IMPRINT) | |
| Place of publication, distribution, etc | Notre Dame, Ind. : |
| Name of publisher, distributor, etc | University of Notre Dame Press, |
| Date of publication, distribution, etc | c2008. |
| 300 ## - PHYSICAL DESCRIPTION | |
| Extent | xiii, 302 p. ; |
| 504 ## - BIBLIOGRAPHY, ETC. NOTE | |
| Bibliography, etc | Includes bibliographical references and index. |
| 505 0# - FORMATTED CONTENTS NOTE | |
| Formatted contents note | Part one: Thinking of God without Losing Our Way -- 1. Where does The God Delusion come from? -- 2. The impossibility of atheism -- 3. Amongst strangers and friends: thinking of God in our current confusion -- 4. Recovering contingency -- 5. Renewed, dissolved, remembered: MacKinnon and metaphysics -- Part two: Road-signs: Theology and Other Things We Say -- 6. 'Visio unica et ordinata scientiae'? -- 7. 'An immense darkness' and the tasks of theology -- 8. Reason, fools and Rameau's nephew -- 9. Where does holy teaching leave philosophy? questions on Milbank's Aquinas -- Part three: Road-works: Theology and other things we do: -- 10. Conversion in context -- 11. Sebastiano in Pallara: a pilgrim's tale -- 12. Fear of the dark -- 13. Travellers' fare -- 14. The subversiveness of catholicity -- Part four: The Struggle for the Council: -- 15. Vatican II: of happy memory - and hope? -- 16. What happened at Vatican II? -- 17. On re-reading Vatican II -- 18. In the spirit of Vatican II? |
| 610 20 - SUBJECT ADDED ENTRY--CORPORATE NAME | |
| Corporate name or jurisdiction name as entry element | Catholic Church |
| General subdivision | Doctrines. |
| 9 (RLIN) | 45805 |
| 650 #0 - SUBJECT ADDED ENTRY--TOPICAL TERM | |
| Topical term or geographic name as entry element | Theology. |
| 9 (RLIN) | 45806 |
| 650 #0 - SUBJECT ADDED ENTRY--TOPICAL TERM | |
| Topical term or geographic name as entry element | Apologetics. |
| 9 (RLIN) | 45807 |
| 856 41 - ELECTRONIC LOCATION AND ACCESS | |
| Materials specified | Table of contents only |
| Uniform Resource Identifier | <a href="http://www.loc.gov/catdir/toc/ecip0810/2008005183.html">http://www.loc.gov/catdir/toc/ecip0810/2008005183.html</a> |
| 906 ## - LOCAL DATA ELEMENT F, LDF (RLIN) | |
| a | 7 |
| b | cbc |
| c | orignew |
| d | 1 |
| e | ecip |
| f | 20 |
| g | y-gencatlg |
| 942 ## - ADDED ENTRY ELEMENTS (KOHA) | |
| Source of classification or shelving scheme | Library of Congress Classification |
| Koha item type | Monograph ( Printed materials) |
| Withdrawn status | Lost status | Source of classification or shelving scheme | Damaged status | Not for loan | Collection code | Home library | Current library | Shelving location | Date acquired | Total Checkouts | Full call number | Barcode | Date last seen | Price effective from | Koha item type |
|---|---|---|---|---|---|---|---|---|---|---|---|---|---|---|---|
| Library of Congress Classification | Main Collection | ARRUPE LIBRARY | ARRUPE LIBRARY | Main Collection | 23/04/2019 | BT77 .L29 2008 | 46408299 | 23/04/2019 | 23/04/2019 | Monograph ( Printed materials) |